Giáo trình văn bản hán văn Việt Nam
Giáo trình gồm 3 phần : văn bản thơ ca, văn bản biền văn, văn bản tản văn. Trong đó, mỗi bài học gồm 4 mục như nguyên văn chữ Hán, giải nghĩa văn bản, dịch nghĩa văn bản, gợi dẫn và giới thiệu tác giả và văn bản tác phẩm....
Gespeichert in:
| Format: | Buch |
|---|---|
| Sprache: | Undetermined |
| Veröffentlicht: |
Hà Nội
Giáo dục Việt Nam
2017
|
| Schlagworte: | |
| Tags: |
Tag hinzufügen
Keine Tags, Fügen Sie den ersten Tag hinzu!
|
| Thư viện lưu trữ: | Trung tâm Học liệu Trường Đại học Cần Thơ |
|---|
| LEADER | 00938nam a2200193Ia 4500 | ||
|---|---|---|---|
| 001 | CTU_231037 | ||
| 008 | 210402s9999 xx 000 0 und d | ||
| 020 | |c 45000 | ||
| 082 | |a 895.9220711 | ||
| 082 | |b Gi108 | ||
| 245 | 0 | |a Giáo trình văn bản hán văn Việt Nam | |
| 245 | 0 | |c Nguyễn Ngọc San ...[et al.] | |
| 260 | |a Hà Nội | ||
| 260 | |b Giáo dục Việt Nam | ||
| 260 | |c 2017 | ||
| 520 | |a Giáo trình gồm 3 phần : văn bản thơ ca, văn bản biền văn, văn bản tản văn. Trong đó, mỗi bài học gồm 4 mục như nguyên văn chữ Hán, giải nghĩa văn bản, dịch nghĩa văn bản, gợi dẫn và giới thiệu tác giả và văn bản tác phẩm. | ||
| 650 | |a Văn học Việt Nam,Chữ Hán,chinese language,Vietnamese literature | ||
| 910 | |b vtbtruc | ||
| 980 | |a Trung tâm Học liệu Trường Đại học Cần Thơ | ||